| 000 | 01078nam a22003017a 4500 | ||
|---|---|---|---|
| 001 | 7056 | ||
| 003 | FISKH | ||
| 005 | 20250813134229.0 | ||
| 008 | 250619b cb ||||| |||| 00| 0 eng d | ||
| 020 | _a027506300038 | ||
| 040 |
_aFISKH _beng _cFISKH _dFISKH |
||
| 050 | _aPN1997.B8 T47 | ||
| 082 | _a298 | ||
| 100 | _aSaxon, Victoria | ||
| 245 |
_aThinking big : _bA bug's life / _cWritten by Vitoria Saxon and Annie Auerbach ; Illustrated by Jeffrey Oh and Andrew Phillipson |
||
| 260 |
_aUnited States : _bAdvance Publishers, _c1998. |
||
| 300 |
_a45 pages : _bcolor illustrations ; _c26 cm |
||
| 505 | _aR | ||
| 520 | _aDot was tired of waiting for her wings to grow. Flik helps her realize that being little is O.K. Dot and Flik learn to think big. | ||
| 521 | 8 |
_a660
_bLexile estimate |
|
| 521 | 8 |
_aR
_bRaz-Plus |
|
| 650 |
_aA Bug's Life _vCartoons & Characters _xInsects/Bugs |
||
| 700 |
_aAuerbach, Annie _eAuthor |
||
| 700 |
_aOh, Jeffrey _e illustrator |
||
| 700 |
_aPhillipson, Andrew _e illustrator |
||
| 942 |
_2ddc _cBK _n0 |
||
| 999 |
_c7056 _d7056 |
||